Nueva teoría del delito. delitos en particular / Tomo 7 :

Guardado en:
Autor Principal: Pagliere, Carlos P. (h)
Formato: Libro
Idioma:Spanish
Publicado: Azul : Voluntarismo Penal, 2014.
Edición:1a. ed.
Materias:
Etiquetas: Agregar Etiqueta
Sin Etiquetas, Sea el primero en etiquetar este registro!
LEADER 00650nam a22001815a 4500
001 DER.der014008
008 190909s2014####ag############000#0#spa#d
005 20250703135246.0
245 1 0 |a Nueva teoría del delito.  |n Tomo 7 :  |b delitos en particular /  |c Carlos P. Pagliere (h). 
250 |a 1a. ed. 
260 |a Azul :  |b Voluntarismo Penal,  |c 2014. 
300 |a 200 p. 
500 |a Delito activo. Delito omisivo. Delito de peligro. Delito de lesión. Delito de peligro. Delito Culposo. 
020 |a 9789873350436 
100 1 |a Pagliere, Carlos P. (h) 
650 7 |a DERECHO PENAL 
653 |a Derecho Penal 
859 |a DERECHO  |b BIB. DERECHO  |h 345  |i PAG  |p 009223  |3 Tomo VII